Spell the Fantastic Four Member #16 - Statistics

General Stats
  • This quiz has been taken 13 times
  • The average score is 6 of 10
Answer Stats
Picture Answer % Correct
Invisible Woman
100%
She-Hulk
100%
Iceman
92%
Medusa
92%
Galacta
77%
Namorita
62%
Miss Thing
46%
Texas Twister
31%
Huntara
15%
Sidearm
15%
No matching quizzes found
Score Distribution
Percent of People with Each Score
Percentile by Number Answered
Your Score History
You have not taken this quiz